Statistics for Alliterative Movie Titles

Click here to take the quiz!

General Stats

  • This quiz has been taken 19,110 times
  • The average score is 12 of 20

Answer Stats

ClueMovie% Correct
DPatrick SwayzeDirty Dancing
82%
S"I see dead people"The Sixth Sense
81%
MABBAMamma Mia!
80%
K"Wax on, wax off"The Karate Kid
75%
FSuperhero teamFantastic Four
73%
BTalking candelabraBeauty and the Beast
72%
PClouseauThe Pink Panther
68%
DTalking animalsDr. Dolittle
66%
FBody-switchingFreaky Friday
65%
BChristian BaleBatman Begins
63%
BJohn BelushiThe Blues Brothers
62%
KSkull islandKing Kong
60%
BWill SmithBad Boys
53%
DCreepy bunny costumeDonnie Darko
50%
WAlso a Will Smith songWild Wild West
48%
DJim CarreyDumb and Dumber
46%
MAustralian dystopiaMad Max
42%
DTwelve convict soldiersThe Dirty Dozen
38%
TBen Stiller as Simple JackTropic Thunder
35%
SAkira KurosawaSeven Samurai
30%

Score Distribution

Percentile by Number Answered

Percent of People with Each Score

Your Score History

You have not taken this quiz